Normal view
MARC view
- الربيعي، وئام محمود
Entry Personal Name
001 - CONTROL NUMBER
- control field: 66745
003 - CONTROL NUMBER IDENTIFIER
- control field: JO-AjAnu
005 - DATE AND TIME OF LATEST TRANSACTION
- control field: 20251011125344.0
008 - FIXED-LENGTH DATA ELEMENTS
- fixed length control field: 251011|| aca||aabn | a|a d
040 ## - CATALOGING SOURCE
- Original cataloging agency: JO-AjAnu
100 ## - HEADING--PERSONAL NAME
- Personal name: الربيعي، وئام محمود
- Relator term: مؤلف مشارك